000
00305 a2200133 4500
001
153337
040
_c
Escola São Tomás de Aquino
100
_a
MACHADO, Ana Maria
240
1
0
_a
O veado e a onça
_l
por
245
1
0
_a
O veado e a onça
362
0
_a
2004
697
_a
*LITERATURA INFANTO
942
_c
BK
999
_c
153337
_d
153337